000 00617cam a22002053a 4500
001 39346
003 PGUSA
005 20140828083856.0
008 120402s2012||||xxu|||||s|||||000 | eng d
040 _aPGUSA
_beng
042 _adc
100 1 _aBrown, George William
245 1 0 _aBaltimore and The Nineteenth of April, 1861 :
_bA Study of the War
_h[electronic resource] /
_cGeorge William Brown
260 _bProject Gutenberg,
_c2012
506 _aPublic domain in the USA.
516 _aElectronic text
830 0 _aProject Gutenberg
_v39346
856 4 0 _uhttp://www.gutenberg.org/ebooks/39346
942 _cEB
999 _c268599
_d268599